|
|
|
|
| LEADER |
03971nam a2200865 4500 |
| 001 |
ocn802056464 |
| 003 |
OCoLC |
| 005 |
20170124070631.1 |
| 006 |
m o d |
| 007 |
cr cn||||||||| |
| 008 |
120425s2012 nju ob 001 0 eng d |
| 040 |
|
|
|a E7B
|b eng
|e pn
|c E7B
|d OCLCO
|d TOH
|d CDX
|d UMI
|d COO
|d OCLCQ
|d B24X7
|d DKDLA
|d DEBSZ
|d OCLCF
|d OCLCQ
|d EBLCP
|d N$T
|d YDXCP
|d TEFOD
|d WAU
|d GPM
|d RECBK
|d TEFOD
|d DG1
|d OCLCQ
|d DEBBG
|d AZK
|d CNNLC
|d GrThAP
|
| 019 |
|
|
|a 796384148
|a 824149109
|a 864911796
|a 961497338
|a 962650251
|
| 020 |
|
|
|a 9781118331767
|q (electronic bk.)
|
| 020 |
|
|
|a 1118331761
|q (electronic bk.)
|
| 020 |
|
|
|a 1118333969
|q (electronic bk.)
|
| 020 |
|
|
|a 9781118333969
|q (electronic bk.)
|
| 020 |
|
|
|a 9781118335079
|q (electronic bk.)
|
| 020 |
|
|
|a 1118335074
|q (electronic bk.)
|
| 020 |
|
|
|a 9781119203520
|q (electronic bk.)
|
| 020 |
|
|
|a 111920352X
|q (electronic bk.)
|
| 020 |
|
|
|z 1118290313
|
| 020 |
|
|
|z 9781118290316
|
| 028 |
0 |
1 |
|a EB00063368
|b Recorded Books
|
| 029 |
1 |
|
|a AU@
|b 000049640379
|
| 029 |
1 |
|
|a AU@
|b 000050492288
|
| 029 |
1 |
|
|a DEBBG
|b BV040783928
|
| 029 |
1 |
|
|a DEBBG
|b BV041119718
|
| 029 |
1 |
|
|a DEBSZ
|b 396676014
|
| 029 |
1 |
|
|a DEBSZ
|b 397223080
|
| 029 |
1 |
|
|a DKDLA
|b 820120-katalog:000599698
|
| 029 |
1 |
|
|a GBVCP
|b 856570230
|
| 029 |
1 |
|
|a NZ1
|b 14699186
|
| 029 |
1 |
|
|a DEBBG
|b BV043394922
|
| 035 |
|
|
|a (OCoLC)802056464
|z (OCoLC)796384148
|z (OCoLC)824149109
|z (OCoLC)864911796
|z (OCoLC)961497338
|z (OCoLC)962650251
|
| 037 |
|
|
|a CL0500000179
|b Safari Books Online
|
| 037 |
|
|
|a 8DF9EE50-F19F-494B-9950-FD0EDF5DB6CF
|b OverDrive, Inc.
|n http://www.overdrive.com
|
| 050 |
|
4 |
|a HD9696.2.U64
|b A67325 2012eb
|
| 072 |
|
7 |
|a TEC
|x 016020
|2 bisacsh
|
| 082 |
0 |
4 |
|a 658.5/752
|2 23
|
| 049 |
|
|
|a MAIN
|
| 100 |
1 |
|
|a Edson, John,
|d 1966-
|
| 245 |
1 |
0 |
|a Design like Apple :
|b seven principles for creating insanely great products, services, and experiences /
|c John Edson.
|
| 264 |
|
1 |
|a Hoboken, N.J. :
|b Wiley,
|c 2012.
|
| 300 |
|
|
|a 1 online resource (192 pages)
|
| 336 |
|
|
|a text
|b txt
|2 rdacontent
|
| 337 |
|
|
|a computer
|b c
|2 rdamedia
|
| 338 |
|
|
|a online resource
|b cr
|2 rdacarrier
|
| 347 |
|
|
|a data file
|2 rda
|
| 380 |
|
|
|a Bibliography
|
| 505 |
0 |
|
|a Design Makes All the Difference -- Design the Organization -- The Product Is the Marketing -- Design Is Systems Thinking -- Design Out Loud -- Design Is for People -- Design Like Apple.
|
| 520 |
|
|
|a "Apple sees design as a tool for creating beautiful experiences that convey a point of view down to the smallest detail--from the tactile feedback of keyboard to the out-of-the-box experience of an iPhone package. And all of these capabilities are founded in a deep and rich embrace of what it means to be a designer. Design Like Apple uncovers the lessons from Apple's unique approach to product creation, manufacturing, delivery, and customer experience"--Provided by publisher.
|
| 504 |
|
|
|a Includes bibliographical references and index.
|
| 610 |
2 |
0 |
|a Apple Computer, Inc.
|
| 610 |
2 |
4 |
|a Apple Computer, Inc.
|
| 610 |
2 |
7 |
|a Apple Computer, Inc.
|2 blmlsh
|
| 610 |
2 |
7 |
|a Apple Computer, Inc.
|2 fast
|0 (OCoLC)fst00591864
|
| 610 |
2 |
7 |
|a Apple Computer, Inc.
|2 blmsh
|
| 650 |
|
0 |
|a Product design.
|
| 650 |
|
0 |
|a Customer services.
|
| 650 |
|
0 |
|a Marketing.
|
| 650 |
|
4 |
|a Product design.
|
| 650 |
|
4 |
|a Customer services.
|
| 650 |
|
4 |
|a Marketing.
|
| 650 |
|
7 |
|a TECHNOLOGY & ENGINEERING
|x Industrial Design
|x Product.
|2 bisacsh
|
| 650 |
|
7 |
|a Customer services.
|2 fast
|0 (OCoLC)fst00885545
|
| 650 |
|
7 |
|a Marketing.
|2 fast
|0 (OCoLC)fst01010167
|
| 650 |
|
7 |
|a Product design.
|2 fast
|0 (OCoLC)fst01763003
|
| 650 |
|
7 |
|a Product design.
|2 local
|
| 650 |
|
7 |
|a Customer services.
|2 local
|
| 650 |
|
7 |
|a Marketing.
|2 local
|
| 655 |
|
4 |
|a Electronic books.
|
| 776 |
0 |
8 |
|i Print version:
|a Edson, John, 1966-
|t Design like Apple.
|d Hoboken, N.J. : Wiley, 2012
|z 9781118290316
|w (DLC) 2012017199
|w (OCoLC)760978459
|
| 856 |
4 |
0 |
|u https://doi.org/10.1002/9781119203520
|z Full Text via HEAL-Link
|
| 994 |
|
|
|a 92
|b DG1
|